000
00308nam a2200121Ia 4500
008
220204s9999 xx 000 0 und d
082
_a
621.3.024
_b
LOP
100
_a
Loper, Orla E
245
0
_a
Direct current fundamentals
260
_a
New York
_b
Van Nostrand
_c
1978
650
_a
Direct current
942
_c
BK
999
_c
30644
_d
30644